Statistiken für Alle Nationalräte der Schweiz Quiz (2019-2023)

Klicken Sie hier um das Quiz zu spielen!

Allgemein

  • Dieses Quiz wurde 44 mal gespielt
  • Das Durchschnittsergebnis liegt bei 33 aus 200

Antwortstatistiken

KantonParteiNationalrat/in% Korrekt
ZürichGrüneBalthasar Glättli
55%
ZürichSVPRoger Köppel
55%
AargauSVPAndreas Glarner
50%
AargauSPCédric Wermuth
50%
BernSVPAlbert Rösti
45%
BernFDPChristian Wasserfallen
45%
BernSPFlavia Wasserfallen
45%
LuzernCVPLeo Müller
45%
GraubündenSVPMagdalena Martullo-Blocher
45%
ZürichSPMattea Meyer
45%
NidwaldenSVPPeter Keller
45%
ZürichSPPriska Seiler Graf
45%
Basel-LandschaftCVPElisabeth Schneider-Schneiter
40%
ZürichSPJacqueline Badran
40%
ZürichGrüneMeret Schneider
40%
SchwyzFDPPetra Gössi
40%
Basel-StadtGrüneSibel Arslan
40%
ZugSVPThomas Aeschi
40%
ZürichglpTiana Angelina Moser
40%
BernSVPAndreas Aebi
35%
BernSVPErich Hess
35%
ZürichSVPHans-Ueli Vogt
35%
GraubündenSPJon Pult
35%
BernBDPLorenz Hess
35%
AargauCVPMarianne Binder-Keller
35%
GenfglpMichel Matter
35%
BernSPTamara Funiciello
35%
ZürichSVPThomas Matter
35%
ZürichFDPAndri Silberschmidt
30%
ZürichSVPMauro Tuena
30%
ZürichSPMin Li Marti
30%
Basel-LandschaftSPSamira Marti
30%
Basel-LandschaftSVPSandra Sollberger
30%
ThurgauSVPVerena Herzog
30%
AargauSVPBenjamin Giezendanner
25%
LuzernSVPFranz Grüter
25%
ZugCVPGerhard Pfister
25%
FreiburgFDPJacques Bourgeois
25%
BernglpJürg Grossen
25%
SolothurnFDPKurt Fluri
25%
AargauEVPLilian Studer
25%
ZürichglpMartin Bäumle
25%
GraubündenCVPMartin Candinas
25%
GlarusBDPMartin Landolt
25%
BernSPMatthias Aebischer
25%
SchwyzSVPPirmin Schwander
25%
ZürichFDPRegine Sauter
25%
WaadtSPRoger Nordmann
25%
Basel-LandschaftSVPThomas de Courten
25%
LuzernSVPYvette Estermann
25%
ZürichSVPAlfred Heer
20%
AargauSVPAlois Huber
20%
BernSVPAndrea Geissbühler
20%
ZürichGrüneBastien Girod
20%
GenfSVPCéline Amaudruz
20%
ZürichSPCéline Widmer
20%
BernFDPChrista Markwalder
20%
NeuenburgPdADenis de la Reussille
20%
ZürichFDPDoris Fiala
20%
ZürichSPFabian Molina
20%
St. GallenGrüneFranziska Ryser
20%
ZürichSVPGregor Rutz
20%
AargauGrüneIrène Kälin
20%
ZürichGrüneKatharina Prelicz-Huber
20%
Basel-StadtglpKatja Christ
20%
TessinLegaLorenzo Quadri
20%
St. GallenCVPMarkus Ritter
20%
FreiburgSVPPierre-André Page
20%
UriCVPSimon Stadler
20%
St. GallenFDPSusanne Vincenz-Stauffacher
20%
SolothurnSVPWalter Wobmann
20%
BernGrüneAline Trede
15%
SchwyzCVPAlois Gmür
15%
ZürichSPAngelo Barrile
15%
St. GallenSPBarbara Gysi
15%
ZürichSVPBarbara Steinemann
15%
SolothurnSVPChristian Imark
15%
GenfFDPChristian Lüscher
15%
St. GallenSPClaudia Friedl
15%
NeuenburgFDPDamien Cottier
15%
Basel-LandschaftFDPDaniela Schneeberger
15%
ThurgauSVPDiana Gutjahr
15%
Basel-LandschaftSPEric Nussbaumer
15%
St. GallenSVPEsther Friedli
15%
AargauSPGabriela Suter
15%
FreiburgGrüneGerhard Andrey
15%
BernGrüneKilian Baumann
15%
ThurgauGrüneKurt Egger
15%
SchwyzSVPMarcel Dettling
15%
BernEVPMarianne Streiff-Feller
15%
FreiburgCVPMarie-France Roth Pasquier
15%
ZürichGrüneMarionna Schlatter
15%
AargauSVPMartina Bircher
15%
St. GallenSVPMike Egger
15%
ObwaldenSVPMonika Rüegger
15%
Basel-StadtSPMustafa Atici
15%
WaadtFDPOlivier Feller
15%
LuzernglpRoland Fischer
15%
GenfFDPSimone de Montmollin
15%
GenfSolStéfanie Prezioso
15%
St. GallenglpThomas Brunner
15%
AargauSVPThomas Burgherr
15%
SchaffhausenSVPThomas Hurter
15%
FreiburgSPUrsula Schneider Schüttel
15%
AargauSPYvonne Feri
15%
BernEDUAndreas Gafner
10%
GraubündenFDPAnna Giacometti
10%
ZürichFDPBeat Walti
10%
ZürichSVPBruno Walliser
10%
FreiburgCVPChristine Bulliard-Marbach
10%
Appenzell AusserrhodenSVPDavid Zuberbühler
10%
ThurgauSPEdith Graf-Litscher
10%
BernSVPErich von Siebenthal
10%
TessinCVPFabio Regazzi
10%
Basel-LandschaftGrüneFlorence Brenzikofer
10%
SolothurnSPFranziska Roth
10%
TessinGrüneGreta Gysin
10%
ZürichFDPHans-Peter Portmann
10%
BernBDPHeinz Siegenthaler
10%
WaadtFDPJacqueline de Quattro
10%
JuraCVPJean-Paul Gschwind
10%
ZürichglpJörg Mäder
10%
BernglpKathrin Bertschy
10%
BernSVPLars Guggisberg
10%
WaadtFDPLaurent Wehrli
10%
St. GallenSVPLukas Reimann
10%
AargauFDPMaja Riniker
10%
ThurgauSVPManuel Strupler
10%
St. GallenFDPMarcel Dobler
10%
ZürichSVPMartin Haab
10%
AargauFDPMatthias Jauslin
10%
BernglpMelanie Mettler
10%
WaadtSVPMichaël Buffat
10%
BernSPNadine Masshardt
10%
BernSVPNadja Pieren
10%
BernGrüneNatalie Imboden
10%
GenfGrüneNicolas Walder
10%
St. GallenCVPNicolo Paganini
10%
ZürichEVPNik Gugger
10%
Basel-StadtFDPPatricia von Falkenstein
10%
LuzernFDPPeter Schilliger
10%
WallisFDPPhilippe Nantermod
10%
ZürichCVPPhilipp Kutter
10%
WallisCVPPhilipp Matthias Bregy
10%
TessinSVPPiero Marchesi
10%
WaadtSPPierre-Yves Maillard
10%
LuzernSPPrisca Birrer-Heimo
10%
TessinFDPRocco Cattaneo
10%
St. GallenSVPRoland Rino Büchel
10%
Basel-StadtSPSarah Wyss
10%
AargauSVPStefanie Heimgartner
10%
ZürichSVPTherese Schläpfer
10%
FreiburgSPValérie Piller Carrard
10%
GenfCVPVincent Maitre
10%
GenfSVPYves Nidegger
10%
AargauglpBeat Flach
5%
WallisCVPBenjamin Roduit
5%
TessinSPBruno Storni
5%
ThurgauCVPChristian Lohr
5%
BernGrüneChristine Badertscher
5%
ZürichglpCorina Gredig
5%
GenfGrüneDelphine Klopfenstein Broggini
5%
SolothurnGrüneFelix Wettstein
5%
WaadtglpFrançois Pointet
5%
WaadtFDPFrédéric Borloz
5%
LuzernCVPIda Glanzmann-Hunkeler
5%
WaadtFDPIsabelle Moret
5%
GenfGrüneIsabelle Pasquier-Eichenberger
5%
WaadtSVPJacques Nicolet
5%
WallisSVPJean-Luc Addor
5%
WaadtSVPJean-Pierre Grin-Hofmann
5%
ZürichglpJudith Bellaïche
5%
WaadtGrüneLéonore Porchet
5%
SchaffhausenSPMartina Munz
5%
WallisSVPMichael Graber
5%
LuzernGrüneMichael Töngi
5%
WaadtSPSamuel Bendahan
5%
WallisCVPSidney Kamerzin
5%
SolothurnCVPStefan Müller-Altermatt
5%
Appenzell InnerrhodenCVPThomas Rechsteiner
5%
WaadtGrüneValentine Python
5%
WaadtSPAda Marra
0%
TessinFDPAlex Farinelli
0%
NeuenburgSPBaptiste Hurni
0%
ZürichglpBarbara Schaffner
0%
WaadtSPBrigitte Crottaz
0%
WaadtglpCéline Weber
0%
GenfSPChristian Dandrès
0%
WallisGrüneChristophe Clivaz
0%
WallisSPEmmanuel Amoos
0%
NeuenburgGrüneFabien Fivaz
0%
GenfSPLaurence Fehlmann Rielle
0%
ZugGrüneManuela Weichelt-Picard
0%
TessinCVPMarco Romano
0%
JuraSPPierre-Alain Fridez
0%
LuzernCVPPriska Wismer-Felder
0%
WaadtGrüneRaphaël Mahaim
0%
AargauCVPRuth Humbel Näf
0%
GraubündenSPSandra Locher Benguerel
0%
WaadtGrüneSophie Michaud Gigon
0%

Verteilung der Resultate

Perzentil nach korrekt beantworteten Fragen

Anzahl Personen mit jedem Resultat

Ihre Resultats-Entwicklung

Sie haben dieses Quiz noch nicht gespielt